Biografías de los obispos contemporáneos, prelados y demas dignidades ilustres de la Iglesia española / (Record n. 27234)

Dettagli MARC
000 -LEADER
fixed length control field 00929nam a2200217 i 4500
003 - CONTROL NUMBER IDENTIFIER
control field IT-RoINE
005 - DATE AND TIME OF LATEST TRANSACTION
control field 20181025065306.0
008 - FIXED-LENGTH DATA ELEMENTS--GENERAL INFORMATION
fixed length control field 910730s1852 sp af r 0 |cspa d
040 ## - CATALOGING SOURCE
Original cataloging agency SpMaBN
Language of cataloging spa
Transcribing agency PAB IT-RoINE
Modifying agency IT-RoINE
100 1# - MAIN ENTRY--PERSONAL NAME
Personal name Brusola, Vicente María
9 (RLIN) 53748
245 10 - TITLE STATEMENT
Title Biografías de los obispos contemporáneos, prelados y demas dignidades ilustres de la Iglesia española /
Statement of responsibility, etc redactados á vista de notas, apuntes y documentos auténticos [por Vicente María Brusola]
260 ## - PUBLICATION, DISTRIBUTION, ETC. (IMPRINT)
Place of publication, distribution, etc Madrid :
Name of publisher, distributor, etc [Niceto Hernández de Fuentes],
Date of publication, distribution, etc 1852
Manufacturer (Establecimiento tipográfico militar de los Sres. Mateo y Torrubia)
300 ## - PHYSICAL DESCRIPTION
Extent 141 p., [14] h. de lám. ;
Dimensions 31 cm.
336 ## - CONTENT TYPE
Source rdacontent
Content type term text
337 ## - MEDIA TYPE
Source rdamedia
Media type term unmediated
338 ## - CARRIER TYPE
Source rdacarrier
Carrier type term volume
500 ## - GENERAL NOTE
General note Autor y editor tomados de los preliminares.
500 ## - GENERAL NOTE
General note Texto enmarcado.
650 #4 - SUBJECT ADDED ENTRY--TOPICAL TERM
Topical term or geographic name as entry element Obispos
Geographic subdivision España
General subdivision Biografías
9 (RLIN) 15276
942 ## - ADDED ENTRY ELEMENTS (KOHA)
Item type Monografías
Dati di copia
Withdrawn status Lost status Damaged status Not for loan Home library Current library Date acquired Total Checkouts Full call number Barcode Date last seen Price effective from Koha item type
        Iglesia Nacional Española en Roma Iglesia Nacional Española en Roma 25/10/2018   BIO 2598 52970 25/10/2018 25/10/2018 Monografías